| 000 | 01006 a2200229 4500 | ||
|---|---|---|---|
| 001 | 41110 | ||
| 005 | 20260407155705.0 | ||
| 008 | 260407a2010 arg spa d | ||
| 003 | AR-UNSa-BCEJYS | ||
| 040 |
_aAR-UNSa-BCEJYS _bspa _cAR-UNSa-BCEJYS |
||
| 080 |
_a347.74 _xContratos mercantiles (comerciales...leasing)) |
||
| 245 | 1 | 0 | _aContratos de distribución |
| 020 | _a978-950-894-809-0 | ||
| 264 | 1 |
_aBuenos Aires : _bAD-HOC _c2010 |
|
| 300 |
_a194 p. _c23 cm. |
||
| 505 | _a1. Los contratos de distribución. La indemnización por rescición inteprestiva - 2. Características de las relaciones comerciales entre productores y distribuidores - 3. Análisis económico de los criterios sobre terminación e indemnización de los contratos de distribución - 4. Conclusiones finales | ||
| 041 | _aspa | ||
| 942 | _cBK | ||
| 590 | _aniveau_biblio:m niveau_hierar:0 | ||
| 100 | 1 | _aDoynel, Santiago | |
| 856 | 4 | 1 |
_uhttps://biblioeco.unsa.edu.ar/pmb/images/libros/L126385.jpg _yImagen de portada _qimage/jpeg |
| 999 |
_c3378 _d3378 |
||